000
00320nam a2200133Ia 4500
008
231017s9999 xx 000 0 und d
082
_a
625.85
082
_b
CHO
245
0
_a
Austroads Technical Report: Warm Mix Asphalt (WMA) Review
245
0
_c
AUSTROADS
260
_b
AUSTROADS
300
_c
30cm
942
_c
REP
999
_c
604679
_d
604679